Anar al contingut

Научное приборостроение, 2022, том 32, № 1 научный журнал

Guardat en:
Dades bibliogràfiques
Format: Журнал
Accés en línia:https://znanium.com/catalog/document?id=400816
https://znanium.com/cover/1878/1878621.jpg
Etiquetes: Afegir etiqueta
Sense etiquetes, Sigues el primer a etiquetar aquest registre!
LEADER 01194nam0a2200229 i 4500
001 RU\infra-m\znanium\bibl\1878621
003 https://znanium.com/catalog/document?id=400816
005 20240124000000.0
100 |a 20240124d2022 m y0rusy0150 ca 
101 0 |a rus 
102 |a RU 
200 1 |a Научное приборостроение, 2022, том 32, № 1  |e научный журнал  |e Журнал 
210 1 |a Санкт-Петербург  |c Институт аналитического приборостроения РАН  |d 2022 
215 |a 92 с. 
333 |a ВО - Магистратура 
606 |a Промышленность. Энергетика  |x Приборостроение. Биомедицинская техника  |2 local 
608 |a Журнал  |2 local 
675 |a 681  |z rus 
686 |a 349  |2 rubbk 
801 0 |a RU  |b Общество с ограниченной ответственностью «ЗНАНИУМ»  |c 20220428  |2 rusmarc 
856 4 |a znanium.com  |m ebs_support@infra-m.ru  |n НИЦ ИНФРА-М  |u https://znanium.com/catalog/document?id=400816 
856 4 1 |a znanium.com  |d /cover/1878  |f 1878621.jpg  |q image/jpeg  |u https://znanium.com/cover/1878/1878621.jpg